| 000 | 01654cam a2200133 4500500 | ||
|---|---|---|---|
| 005 | 20251214004142.0 | ||
| 041 | _afre | ||
| 042 | _adc | ||
| 100 | 1 | 0 |
_aEncel, Stéphane _eauthor |
| 245 | 0 | 0 | _aLes Hébreux |
| 260 |
_bArmand Colin,
_c2021. |
||
| 520 | _aJamais peut-être les sciences se rapportant à l’univers biblique n’auront suscité autant de recherches, de débats et de polémiques, touchant un très large public à travers le monde. L’archéologie, notamment, a fait des progrès considérables, apportant sans cesse de nouveaux éclairages sur le monde et le peuple qui ont produit – et qu’a produit – la Bible. Mais toutes ces perspectives ouvrent de nouvelles réflexions, bien plus larges, sur le sens même du message biblique : qu’en reste-t-il sous les fourches caudines de la Science ? La Bible ne risque-t-elle pas de se figer ou de s’assécher lorsqu’on la coupe trop radicalement de la tradition, pour en faire un simple sujet d’étude ? Au-delà de la Bible, que savons-nous réellement de la civilisation qui l’a fait naître ? Sur quels socles historiques et identitaires les Hébreux se sont-ils constitués en nation ? Comment ont-ils surmonté les défaites militaires et les processus d’acculturation ? Par une vision autant chronologique que thématique, en élargissant le champ aux voisins, partenaires ou ennemis du peuple d’Israël, et en repoussant bien des a priori, cette étude replace cette civilisation dans son temps, en dégageant ce qu’elle a à apporter au nôtre. | ||
| 856 | 4 | 1 | _uhttps://shs.cairn.info/les-hebreux--9782200629847?lang=fr&redirect-ssocas=7080 |
| 999 |
_c1568262 _d1568262 |
||